• 首页
  • 本馆介绍
  • 公告通知
  • 最新文献
  • 馆藏检索
  • 电子资源
  • 读者导购
  • 参考咨询
  • 我的图书馆
  • 登录
  • 详细信息显示
  • 放入我的书架
  • 预约/预借图书
  • 作者相关作品
  • 分类相关作品
  • 丛书相关作品
  • 出版社相关作品

书目信息

  • 表格格式
  • 工作单格式
  • 卡片格式
题名:
老照片
    
 
作者: 冯克力 主编
分册: 第一〇四辑  
出版信息: 济南   山东画报出版社  2015.12
页数: 189页
开本: 21cm
丛书名:
单 册:
中图分类: K106 , K260.6 , K10
科图分类:
主题词: 世界史--shi jie shi--史料 , 中国历史--zhong guo li shi--现代史--史料
电子资源:
ISBN: 978-7-5474-1688-4
000 00979nam0 2200265 450
001 2232063526
005 20220918182645.98
010    @a978-7-5474-1688-4@dCNY20.00
100    @a20160202d2015 em y0chiy50 ea
101 0  @achi
102    @aCN@b370000
105    @aa z 000yy
200 1  @a老照片@Alao zhao pian@d= Old photos@h第一〇四辑@f主编冯克力@zeng
210    @a济南@c山东画报出版社@d2015.12
215    @a189页@c图@d21cm
330    @a《老照片》是陆续出版的丛书, 每两个月出版一辑。专门刊发20年前拍摄的照片, 辅以意味隽永的文章, 图文并茂, 回望历史, 辟有“故时风物”“旧事重温”“私人相簿”“名人一瞬”“事件写真”等多种栏目。《老照片》为本社重要图书品牌, 深受读者欢迎。
510 1  @aOld photos@zeng
606 0  @a世界史@Ashi jie shi@j史料
606 0  @a中国历史@Azhong guo li shi@x现代史@j史料
690    @aK106@v5
690    @aK260.6@v5
690    @aK10@v4
701  0 @a冯克力@Afeng ke li@4主编
801  0 @aCN@b人天书店@c20160202
905    @aZUCC@dK10@e23:104
    
    老照片= Old photos.第一〇四辑/主编冯克力.-济南:山东画报出版社,2015.12
    189页:图;21cm
    
    
    ISBN 978-7-5474-1688-4:CNY20.00
    《老照片》是陆续出版的丛书, 每两个月出版一辑。专门刊发20年前拍摄的照片, 辅以意味隽永的文章, 图文并茂, 回望历史, 辟有“故时风物”“旧事重温”“私人相簿”“名人一瞬”“事件写真”等多种栏目。《老照片》为本社重要图书品牌, 深受读者欢迎。
●
相关链接 在五车中查询图书 在当当中查询图书 在豆瓣中查询图书


正题名:老照片     索取号:K10/23:104         预约/预借

序号 登录号 条形码 馆藏地/架位号 状态 备注
1 2000895471   2000895471   第三书库/ [索取号:K10/23:104] 在馆    
2 2000895472   2000895472   第三书库/ [索取号:K10/23:104] 在馆    
3 2000895473   2000895473   第三书库/ [索取号:K10/23:104] 在馆    
山东省滨州职业学院图书馆 欢迎您!
大连网信软件有限公司© 版权所有